000 00598nam a2200229Ia 4500
003 OSt
005 20220918193936.0
006 a|||||r|||| 00| 0
007 ta
008 220917b |||||||| |||| 00| 0 eng d
024 _a76,617
037 _cTextual
040 _aARTS
_cARTS
_beng
041 _2eng
_aeng
082 _aR81(Q7)y7, K2
100 _aWalzer Richard
_982901
245 0 _aGreek into Arabic
_b essays on Islamic philosophy
260 _c1962
490 _aOriental studies; 1
942 _hR81(Q7)y7, K2
_cTEXL
_2CC
999 _c200798
_d200798